000 00713nas a2200241 4500
001 BR0204026
003 BR-BrBNA
005 20231205103208.0
007 ta
008 230509b bl.|||p| |||| 00| 00por d
040 _aBR-BrBNA
_bpor
_cBiblioteca Nacional de Agricultura
041 _a(Pt)
072 _aL70
100 1 _aPerrelli, G.D.D.
100 1 _aPalhares, M.S.
245 1 _aHidroterapia nos animais domésticos
650 _aANIMAL DOMÉSTICO
650 _aMEDICAMENTO
650 _aDOENÇA ANIMAL
773 0 _tCadernos Técnicos de Veterinária e Zootecnia (Brazil)
_xISSN 1676-6024
_g(Mar 2002), v.37 p. 84-90
_wBR0204026
909 _a202311
_bLúcia
_c55
_dLúcia Elande
942 _2AGRIS
_n0
_cANA
999 _c171591
_d171591